000
00313nam a22001337a 4500
008
170808b xxu||||| |||| 00| 0 eng d
020
_a
9780131450912
041
_a
eng
080
_2
3RD
_a
004
100
_a
34
101
_a
SHKI
245
_a
INTERNET & WORLD WIDE WEB/ HOW TO PROGRAM
_c
DEITEL
942
_2
udc
_c
BK
999
_c
22880
_d
22880